000 00718nam a22002177a 4500
003 UA-OsUOA
001 43411
007 ta
008 20090625b un ||||| |||| 00| 0 ukr d
090 _a050
_bА57
942 _cMG
040 _aUA-OsUOA
_bukr
_cUA-OsUOA
_dUA-OsUOA
245 _aАльманах Українського Народного Союзу 2008
_bРічник 98-ий
300 _a240 с.
955 _a4
041 _aukr
080 _a050
260 _aНю-Джерсі
_b"Свобода"
650 7 _a050 Серійні публікації. Періодика галузі, Організація та інші типи поєднання (співробітництва)
_2UDC
999 _c441885
_d441885